000
00321nam a22001337a 4500
008
180824b xxu||||| |||| 00| 0 eng d
020
_a
9780073048048
041
_a
eng
080
_2
8 ED
_a
541
100
_a
13
101
_a
KIM
245
_a
CHEMISTRY STUDENT SOLUTION MANULA CUSTOMIZED
_c
CHNAG.R
942
_2
udc
_c
BK
999
_c
47305
_d
47305